00766nam a2200253 4500003000400000005001700004008004100021020001800062040002300080050001600103245003900119264004900158300001800207336002200225337002400247338002400271650002600295650003000321650004000351650005500391700003400446942001500480999001700495OSt20260530115318.0260508b2010 |||o|||| |||| 001 0 eng d a9789881950895 aICIbspacICIerda aDS810b.I57 aInternational Visual Communication aDesign Media Publishing Limitedb2010cChina a373 páginas 2rdacontentatexto 2rdamediaasin medio 2rdacarrieravolumen aComunicación visual aDiseño gráfico918020 aComunicación internacional933999 aMedios de comunicaciónxAspectos visuales934000 aZhou, Jieecoordinador934001 2lccn1cBK c13666d13666